000 00606nam a2200193Ia 4500
008 151121s9999||||xx |||||||||||||| ||und||
082 _a811/ढसाळ
082 _bHNW-53183
100 _aढसाळ नामदेव
245 _aगांडू बगीचा
260 _b"आंबेडकर प्रबोधिनी, मुंबई।"
260 _c--
300 _a80
600 _aढसाळ नामदेव
630 _aगांडू बगीचा
700 _aढसाळ नामदेव
730 _aगांडू बगीचा
942 _cBOOK
999 _c1236902
_d1236899